000 01644cam a22004694i 4500
003 PE-LiUPU
005 20250731173005.0
008 150623s r 000 0 d
020 _a031033831X
035 _a(Sirsi) i9780310338314
040 _aPE-LiUPU
_bspa
_cPE-LiUPU
_erda
049 _aPRUA
082 0 4 _a234.165
_bC84M
_221
100 1 _aCrabb, Larry,
_eautor.
245 1 0 _aMen and women enjoying the difference /
_cLarry Crabb.
264 1 _aGrand Rapids, Michigan :
_bZondervan Publishing House,
_c1993.
300 _a240 páginas ;
_c20 centímetros
336 _atext
_2rdacontent
337 _aunmediated
_2rdamedia
338 _avolume
_2rdacarrier
505 0 _aWhy Relationships Don`t Work: The Problem Men and Women Share.- How Relationships Do Work: The Difference Men and Women Can Enjoy.-masculinity and feminity. Rol sexual. -Sexo - rol.
526 _aSEG42
526 _aSEG41
526 _aSEG40
526 _aSEG39
526 _aP94
526 _aP87
526 _aP86
526 _aP85
526 _aP77
526 _aP76
526 _aP35
650 0 4 _aAntropología teológica.
650 0 4 _aMujeres
_xCristianismo.
_9509
650 0 4 _aRol sexual
_xCristianismo.
942 _2ddc
_cBOOK
949 _a234.165 C84M
_wDEWEY
_c1
_i45682
_lCCODEBUL1
_mBUL
_r0
_sY
_tBOOK
_u2015-6-24
_xTEOLOGIA
_PP35
_0COMPRA
_o.STAFF. Colección General
994 _aC0
_bPEPRU
596 _a1
999 _a234.165 C84M
_wDEWEY
_c22560
_i45682
_f2021-11-10
_g4
_lCCODEBUL1
_mBUL
_r0
_sY
_tBOOK
_u2015-6-24
_xTEOLOGIA
_PP35
_0COMPRA
_o.STAFF. Colección General
_d22560
980 _81
_gALBERTO SANCHEZ Responsable de Automatización